00602nam a22002177a 450000500170000001000130001702000220003003500130005203700160006504000120008108200130009310000200010624500570012625000110018326000470019427000580024130000280029950000210032765000120034865000240036020170124110210.0 aA-840269 c00.00a0174480334 aA-840269 bCen Lib/Ret aDPLbEN a574bROB aRoberts, M.B.V. aBiology :cby M.B.V.Robertsba functional approach / a4th ed aUnited KingdombThomas Nelson & Sonsc1991 aNelson House, Mayfield Road, Walton-on-Thames, Surrey a693p. :c26cm(Hb)bill. aIncludes index  aBiology aBiological approach